BIBLIOTECA

SENCICO

Condiciones de trabajo y salud : (Registro nro. 186)

Detalles MARC
000 -LEADER
fixed length control field 01734nam a2200277Ia 4500
003 - CONTROL NUMBER IDENTIFIER
control field PE SENCICO BE
005 - DATE AND TIME OF LATEST TRANSACTION
control field 20251020182429.0
008 - FIXED-LENGTH DATA ELEMENTS--GENERAL INFORMATION
fixed length control field 200515s9999 xx 000 0 und d
020 ## - INTERNATIONAL STANDARD BOOK NUMBER
International Standard Book Number 978-958-648-589-0
040 ## - CATALOGING SOURCE
Original cataloging agency PE SENCICO BE
Transcribing agency PE SENCICO BE
041 ## - LANGUAGE CODE
Language code of text/sound track or separate title spa
082 ## - DEWEY DECIMAL CLASSIFICATION NUMBER
Classification number 331.2
Item number H39
100 1# - MAIN ENTRY--PERSONAL NAME
Personal name Henao Robledo, Fernando
9 (RLIN) 580
Relator term autor
245 10 - TITLE STATEMENT
Title Condiciones de trabajo y salud :
Remainder of title diagnóstico integral /
Statement of responsibility, etc. Fernando Henao Robledo
260 ## - PUBLICATION, DISTRIBUTION, ETC.
Place of publication, distribution, etc. Bogotá :
Name of publisher, distributor, etc. Ecoe ediciones ;
Date of publication, distribution, etc. 2009
300 ## - PHYSICAL DESCRIPTION
Extent 180 p. :
Other physical details il., tbl. ;
Dimensions 24 cm.
490 ## - SERIES STATEMENT
Series statement Colección textos universitarios ; Ingeniería
520 3# - SUMMARY, ETC.
Summary, etc. Constituye la parte fundamental de un programa de salud ocupacional , pues es alli de donde se generan las actividades en los subprogramas de medicina preventiva y del trabajo, higiéne y seguridad industrial. El programa deberá desarrollarse de acuerdo con la actividad económica de la empresa y deberá ser específico y particular para cada empresa no existiendo programas pro forma, pues deberá estar acorde con los riesgos reales o potenciales y el número de trabajadores. El programa contendrá actividades de medicina preventiva y del trabajo, higiene y seguridad industrial y deberá estar contenido en un documento firmado por el representante legal de la empresa y el encargado de desarrollarlo, con el respectivo cronograma de actividades debiéndose mantener actualizado y disponible para las autoridades de vigilancia y control.
650 10 - SUBJECT ADDED ENTRY--TOPICAL TERM
Topical term or geographic name entry element Ambiente de trabajo
9 (RLIN) 2293
650 20 - SUBJECT ADDED ENTRY--TOPICAL TERM
Topical term or geographic name entry element Accidentes de trabajo
9 (RLIN) 348
650 20 - SUBJECT ADDED ENTRY--TOPICAL TERM
Topical term or geographic name entry element Salud ocupacional
9 (RLIN) 581
650 20 - SUBJECT ADDED ENTRY--TOPICAL TERM
Topical term or geographic name entry element Seguridad industrial
9 (RLIN) 96
650 20 - SUBJECT ADDED ENTRY--TOPICAL TERM
Topical term or geographic name entry element Riesgos laborales
9 (RLIN) 610
650 20 - SUBJECT ADDED ENTRY--TOPICAL TERM
Topical term or geographic name entry element Evaluación de riesgos
9 (RLIN) 92
942 ## - ADDED ENTRY ELEMENTS (KOHA)
Koha item type Libros
Source of classification or shelving scheme Dewey Decimal Classification
Existencias
Fecha de la última vez que lo usaron Número de ingreso o de inventario Pago total Signatura topográfica completa Código de barras Precio efectivo desde Tipo de documento Estado perdido Sistema de clasificación Estado dañado No es para préstamo Retirado Ubicación permanente Ubicación actual Fecha de adquisición
15/05/2020 14811   331.2/H39 BibLima24070084 15/05/2020 Libros   Dewey Decimal Classification       Biblioteca Central Lima Biblioteca Central Lima 15/05/2020